Paroles Angèle - Statistiques

Statistiques générales
  • Ce quiz a été pris 117 fois
  • Le résultat moyen est 7 sur 15
Statistiques - réponses
Paroles Chanson % Correct
Les gens me disent à demi-mot, pour une fille belle t'es pas si bête Balance ton quoi
100%
Les gens t’aiment pas pour de vrai, tout le monde te trouve géniale alors que t’as rien fait Flou
69%
Moi, je crois aux histoires auxquelles les autres ne croient pas encore Ta reine
68%
Ferme les yeux, oublie que tu es toujours seul, oublie qu'elle t'a blessé, oublie qu'il t'a trompé Tout oublier
64%
Quand, à la banque, ce fût mon tour, que je me suis dit qu'il était temps, j'ai vite compris que c'était pas mon jour La loi de Murphy
56%
Et si un jour elle se sépare et qu'on ait à choisir un camp, ce serait le pire des cauchemars, tout ça pour une histoire de langue Bruxelles je t'aime
53%
Hier encore, on était liés, j'étais celle de tes rêves, celle qui comble tes nuits, celle à marier Oui ou non
44%
Peut-être, je devrais m'éloigner, loin du game, loin du danger La thune
42%
Quand le doute roule sur nos épaules, campe dans nos têtes et prend un rôle, c'est là que tu agis Jalousie
39%
Jour après jour, je m'habitue à mes ennemis qui me tuent et j'apprendrai toutes les vertus Démons
34%
Un jour peut-être, on se verra, mais pas tout de suite, je préfère pas Je veux tes yeux
28%
Et je te dérange mais c'est plus fort que moi, trop prise pour un ange, moi-même, j'y croyais pas Libre
25%
Les bleus c'est rien, c'est juste une belle couleur, plus douce que celle de ses yeux Tempête
21%
Y aura des requins, des démons, des sirènes, y aura des fautes, des trahisons, des migraines Évidemment
18%
Tous les soirs, t'évites le vide, tu regardes cinq minutes, deux heures plus tard, tes mains transpirent et t'as les yeux qui brûlent Amour, Haine et Danger
16%
Aucun quiz correspondant
Distribution des résultats
% des personnes avec chaque résultat
Percentile par nombre de réponses
Votre historique - résultats
Vous n’avez pas pris ce quiz